000 00480nam a2200193Ia 4500
005 20240823053457.0
008 240823s9999||||xx |||||||||||||| ||und||
020 _a978-81-906531-3-8
041 _aENGLISH
082 _A624 P8
100 _aRaman Parti et al.
245 0 _aInfrastructure Development in Civil Engineering
250 _a1st
260 _c2008
_bExcel India Public
500 _aYES
650 _aCivil Engineeirng
_bCivil
942 _cBK
999 _c224243
_d224243